Asomat Pajyatan Udyug (Record no. 4837)

MARC details
000 -LEADER
fixed length control field 00523cam a2200205ua 4500
008 - FIXED-LENGTH DATA ELEMENTS--GENERAL INFORMATION
fixed length control field 131022n ii |||gr||||Z||||||asm
020 ## - INTERNATIONAL STANDARD BOOK NUMBER
International Standard Book Number 978-81-922873-1-7
040 ## - CATALOGING SOURCE
Transcribing agency MAIN
082 ## - DEWEY DECIMAL CLASSIFICATION NUMBER
Classification number 910.954162
100 ## - MAIN ENTRY--PERSONAL NAME
Personal name Saikia,Sashi Kanta,
Relator term
245 ## - TITLE STATEMENT
Title Asomat Pajyatan Udyug
Statement of responsibility, etc. By Sashi kanta Saikia
250 ## - EDITION STATEMENT
Edition statement 1st ed.
260 ## - PUBLICATION, DISTRIBUTION, ETC.
Place of publication, distribution, etc. Dibrugarh:
Name of publisher, distributor, etc. Kaustubh Printers,
Date of publication, distribution, etc. 2011.
300 ## - PHYSICAL DESCRIPTION
Extent 198p.
942 ## - ADDED ENTRY ELEMENTS (KOHA)
Koha item type Books
653 ## - INDEX TERM--UNCONTROLLED
Uncontrolled term Tourism
653 ## - INDEX TERM--UNCONTROLLED
Uncontrolled term Asomar pajyatan udyug
653 ## - INDEX TERM--UNCONTROLLED
Uncontrolled term Tourism in Assam
Holdings
Withdrawn status Lost status Damaged status Not for loan Home library Current library Shelving location Date acquired Total Checkouts Full call number Barcode Date last seen Date last checked out Copy number Price effective from Koha item type
        Naharkatiya College Central Library Naharkatiya College Central Library General Stacks 19/09/2020 18 910.954162 | SAI 21851 01/02/2024 25/01/2024 1 19/09/2020 Books

Naharkatiya College © 2020. All rights reserved.

Powered By